History by Picture - D - Statistics

General Stats
  • This quiz has been taken 44,522 times
    43,859 since last reset
  • The average score is 11 of 18
Answer Stats
Picture Hint Answer % Correct
musical genre Disco
96%
extinct animal Dodo
96%
person Princess Diana
96%
scientist Charles Darwin
88%
1944 event D-Day
87%
first U.S. state Delaware
86%
sculpture David
80%
painter Salvador Dali
77%
document Declaration of Independence
69%
actor James Dean
62%
ancient texts discovered in the 1940s {Dead} {Sea} Scrolls
52%
Yiddish toy Dreidel
49%
writer Dante
39%
place to have a chat with Apollo Delphi
38%
capital of the Umayyad Caliphate Damascus
36%
Venice landmark {Doge}'s Palace
35%
method of determining dates {Dendro}chronology
17%
ancient European grave marker Dolmen
12%
No matching quizzes found
Score Distribution
Percent of People with Each Score
Percentile by Number Answered
Your Score History
You have not taken this quiz since the last reset